000
00225nam a22000857a 4500
008
170606b xxu||||| |||| 00| 0 eng d
100
_9
3281
_a
Surti. S
245
_a
A Visit to the Zoo
260
_a
New Delhi
_b
National Book Trust
_c
2004
999
_c
6598
_d
6598